000 00671nam a2200181Ia 4500
008 090124s9999 xx 000 0 und d
082 _b106981
100 _aभावे पु. भा. (पुरुषोत्तम भास्कर)
245 _a रक्त आणि अश्रू
250 _a1
260 _c1958
300 _a98
600 _aभावे पु. भा. (पुरुषोत्तम भास्कर)
630 _a रक्त आणि अश्रू
700 _aभावे पु. भा. (पुरुषोत्तम भास्कर)
730 _a रक्त आणि अश्रू
942 _cBOOK
999 _c153072
_d153072